| 000 | 01332cam a22003135a 4500 | ||
|---|---|---|---|
| 999 |
_c14179 _d14179 |
||
| 003 | EG-ScBUE | ||
| 005 | 20200119150032.0 | ||
| 008 | 100623s1997 ua f b 001 0 ara d | ||
| 020 | _a9775487749 | ||
| 040 |
_aEG-ScBUE _bara _erda _cEG-ScBUE _dEG-ScBUE |
||
| 041 | 1 |
_aara _hgrc |
|
| 082 | 0 | 4 |
_a882.01 _bي و ر _222 |
| 100 | 0 |
_aيوريبيديس، _eمؤلف. _915108 |
|
| 245 | 1 | 0 |
_aعابدات باخوس - إيون - هيبولوتوس / _cيوريبيديس ؛ ترجمة ودراسة وتقديم دكتور عبد المعطي شعراوي. |
| 250 | _aالطبعة الأولى. | ||
| 264 | 1 |
_aالجيزة : _bعين للدراسات والبحوث الإنسانية والاجتماعية، _c[1997] |
|
| 300 |
_a373 صفحة ؛ _c24 سم |
||
| 336 |
_2rdacontent _aنص _btxt |
||
| 337 |
_2rdamedia _aبدون وسيط _bn |
||
| 338 |
_2rdacarrier _aمجلد _bnc |
||
| 504 | _aيشتمل على إرجاعات ببليوجرافية. | ||
| 546 | _aالنص باللغة العربية وتم ترجمته من اللغة اليونانية. | ||
| 590 | _aAbdullah samir | ||
| 650 | 7 |
_915272 _aالمسرحيات اليونانية _xتاريخ ونقد. _2BUEsh |
|
| 653 |
_bGGEN _cJanuary2020 |
||
| 655 | _vReading book | ||
| 700 | 1 |
_aشعراوي، عبد المعطي، _eمترجم. _915107 |
|
| 942 |
_2ddc _cBB |
||